| 000 | 00610cam a2200229 4500 | ||
|---|---|---|---|
| 008 | 090401t1991 xxu||||| |||| 00| 0 eng d | ||
| 020 | _a1851901361 | ||
| 035 | _a(Sirsi) u59337 | ||
| 041 | _aeng | ||
| 050 | _a346.4104343 | ||
| 100 | _aHaley, Michael | ||
| 245 | _aBusiness leases: termination and renewal. | ||
| 260 |
_aLondon _bFourmat Publishing _c1991 |
||
| 300 | _axxv,239p. ; 24cm. | ||
| 350 | _a24.5 | ||
| 650 | _aBUSINESS TENANCIES | ||
| 650 | _aLANDLORD AND TENANT ACT 1954 | ||
| 650 | _aLEASES | ||
| 690 | _aLANDLORD AND TENANT-BUSINESS TENANCIES | ||
| 942 | _n0 | ||
| 948 | _c04/03/1997 | ||
| 999 |
_c94136 _d94136 |
||